You can't taste a pickle with your ear / (Record no. 4398)

MARC details
000 -LEADER
fixed length control field 00973cam a22002654a 4500
005 - DATE AND TIME OF LATEST TRANSACTION
control field 20260106141843.0
020 ## - INTERNATIONAL STANDARD BOOK NUMBER
International Standard Book Number 9780439856751
040 ## - CATALOGING SOURCE
Original cataloging agency DLC
Transcribing agency DLC
Modifying agency IG#
-- BAKER
-- XY4
-- DLC
Language of cataloging eng
050 00 - LIBRARY OF CONGRESS CALL NUMBER
Classification number QP434.Z544
Item number 2002
082 00 - DEWEY DECIMAL CLASSIFICATION NUMBER
Classification number 612.8
100 1# - MAIN ENTRY--PERSONAL NAME
Personal name Ziefert, Harriet
245 10 - TITLE STATEMENT
Title You can't taste a pickle with your ear /
Statement of responsibility, etc. Harriet Ziefert ; pictures by Amanda Haley
260 ## - PUBLICATION, DISTRIBUTION, ETC.
Place of publication, distribution, etc. New York :
Name of publisher, distributor, etc. Scholastic ;
Date of publication, distribution, etc. 2002.
300 ## - PHYSICAL DESCRIPTION
Extent 36 unnumbered pages :
Other physical details color illustrations ;
Dimensions 26 cm .
505 0# - FORMATTED CONTENTS NOTE
Formatted contents note M <br/>.
520 ## - SUMMARY, ETC.
Summary, etc. Explores how each of the five senses is hard at work all day long providing information, warning of danger, and helping us enjoy the world around us.
521 ## - TARGET AUDIENCE NOTE
Target audience note 550 <br/>
Source Lexile <br/>
521 ## - TARGET AUDIENCE NOTE
Target audience note M <br/>
Source Raz-Plus <br/>
650 #0 - SUBJECT ADDED ENTRY--TOPICAL TERM
Topical term or geographic name entry element Senses and sensation
Form subdivision Juvenile literature.
650 #1 - SUBJECT ADDED ENTRY--TOPICAL TERM
Topical term or geographic name entry element Senses and sensation.
700 1# - ADDED ENTRY--PERSONAL NAME
Personal name Haley, Amanda
Relator term illustrator
906 ## - LOCAL DATA ELEMENT F, LDF (RLIN)
a 7
b cbc
c orignew
d 1
e ocip
f 20
g y-gencatlg
942 ## - ADDED ENTRY ELEMENTS (KOHA)
Source of classification or shelving scheme Library of Congress Classification
Koha item type Books
Suppress in OPAC No
999 ## -
-- 4398
-- 4398
Holdings
Withdrawn status Lost status Source of classification or shelving scheme Damaged status Not for loan Collection Home library Current library Shelving location Date acquired Total Checkouts Full call number Barcode Date last seen Copy number Price effective from Koha item type
    Dewey Decimal Classification     Non-Fiction Footprints International School Library Network Toul Tom Poung Campus Footprints International School Library Network Toul Tom Poung Campus TTP Primary Yellow Bookshelves 08/20/2024   ZIE 612.8 QP434.Z544 FISBK00462 08/20/2024 1 08/20/2024 Books
    Dewey Decimal Classification     Non-Fiction Footprints International School Library Network Toul Tom Poung Campus Footprints International School Library Network Toul Tom Poung Campus TTP Primary Yellow Bookshelves 12/19/2025   ZIE 612.8 QP434.Z544 FISBK072265 12/19/2025 2 12/19/2025 Books